01013cam a2200229 a 45000010005000000030008000050050017000130080039000300350039000690400213001080410008003210700018003290720009003470820027003562450104003832600081004873000035005685250040006036500042006436500034006857100064007192467BD-RjUL20211208233546.0750225s1964 nyuar s i0 a0eng a(OCoLC)ocm01188668 a(BD-RjUL)2494 aDLCbengcDIdNSDPdOCoLCdInUdNSDPdOCoLCdMHdOCoLCdDLCdOCoLCdDLCdDNALdOCoLCdDLCdMHdMnMULSdInUdNSTdDLCdInUdMHdCLUdDLCdWaUdOCoLCdNLGGCdCU-SdOCoLCdNNLSdOCoLCdJ9UdUKMGBdOCoLCdBD-RjUL aeng a280.9bUn3656 0aE10004a330.9005219bUNI 196410aWorld economic survey 1963 :b trade and development: trends ,needs and policies /cUnited Nations. aNew York :bUnited Nations Dept. of Economic and Social Affairs,c1956-1993. axiii, 284 p. :c28 cm.bills ; aSupplements accompany some numbers. 0aEconomic historyy1945-vPeriodicals.17aInternationale economie.2gtt2 aUnited Nations.bDepartment of Economic and Social Affairs.